000 00460nam a22001691a 4500
001 10374
003 OSt
005 20260204212156.0
008 081209s1997||||dr ||||||b||||||||||spa||
050 _aRD 370.114 H43e
100 _aHernández Tejada, Margarita
245 _aEduacando para la paz / Margarita Hernández Tejada
264 _aSanto Domingo : Susaeta
300 _a155 p
650 _aEducación Moral - Educación - ValoresÌ
942 _2ddc
_cBK
999 _c10374
_d10374